Quizzes
Events
Quiz Creation
Community
Videos
Private Events
Remove Ads
Sign In
Join for FREE
Feedback
Dark Mode
Quiz Categories
Sports
Geography
Music
Movies
Television
Just For Fun
Miscellaneous
History
Literature
Language
Science
Gaming
Entertainment
Religion
Holiday
For Kids
Quiz Lab
Recent
Popular Today
Quiz Kudos Today
Editor Picks
Curator Picks
Quizzes by...
Day
Popularity
Type
Ratings
Length
Year
Community
Subscriptions
Recent Discussions
Orange Saloon
Badges
Playlists
Quests
Create
Leaderboards
Showdown
Live 5
Trivia Bingo
Activity
Puzzle Library
Sporcle Events
Private Events
Virtual Trivia
Globe League
Become a Host
Pub Owners
SporcleCon
Opinionation
Our Games
Videos
Blog
Mobile Apps
Partnerships
Remove Ads and Go Orange
Feedback
Geography
Country
Landmarks
City
State
Population
World
Capital
Continent
Flags
Europe
Africa
Asia
South America
North America
Oceania
Border
Canada
United Kingdom
Topography
United States
Geography
Country
Landmarks
City
State
Population
World
Capital
Continent
Flags
Europe
Africa
Asia
South America
North America
Oceania
Border
Canada
United Kingdom
Topography
United States
Random Quiz
Search Sporcle
×
Editor Pick
Editor Pick
Geography
Europe
Type answers based on single images at one time
Type answers based on single images at one time
Slideshow
Best Score? Go Orange.
Birdseye GoogleEarth Views - European Cities Stats
Can you name the European city shown from a bird's eye view on GoogleEarth?
By
caulkinggun
10m
25 Questions
2,488 Plays
2,488 Plays
2,488 Plays
Comments
Comments
Give Quiz Kudos
Give Quiz Kudos
-
- Ratings
hide this ad
More Info
Replay
Link that replays current quiz
Next Quiz
Link to next quiz in quiz playlist
You Got
0%
They Got
Avg Score
58%
Avg Friend Score
Upgrade to see
Score Distribution
Jump to the score distribution portion of the page
Score
0/25
Timer
10:00
0
Plays Today
% Correct
Athens
90.1%
London
89.7%
Rome
88.5%
Barcelona
85.8%
Paris
81.2%
Venice
74.3%
Monaco
69.9%
Florence
66.4%
Brussels
66%
Berlin
65.7%
Prague
65.5%
Budapest
62%
Amsterdam
61.5%
% Correct
Cologne
52.9%
Lisbon
51.7%
Edinburgh
48.2%
Stockholm
45.8%
Copenhagen
44.4%
Dublin
44.1%
Oslo
41.4%
Helsinki
40.3%
Vienna
39.7%
Munich
33.1%
Zurich
32.4%
Madrid
29.6%
Quiz Playlist
Details
Report
Send in Message
Add To Playlist
More Info:
Hint: no cities in the former Soviet Union are included due to lack of three-dimensional data.
Slideshow:
Type answers based on single images at one time
Last Updated: Jul 3, 2018
Editor Pick in
Geography
Quiz Scoreboard
CHALLENGE
Sign Up to Join the Scoreboard
Show All
Scores
Hide
Comments
May contain spoilers
Recently Published
Movies - When Are They Set?
by FPL_Elf
Movies
5m
Popular People in 1961
by mucciniale
History
6m
1-10 Letter E Words III
by El_Dandy
Language
2m
More to Explore
Quiz From the Vault
Featured Blog Post
Where Did the Easter Bunny Come From?
hide this ad
You Might Also Like...
Tags
Europe Quiz
Excerpt
map
Today's Top Quizzes in Geography
Browse Geography
hide this ad
Today's Top Quizzes in Europe
Browse Europe
Top Contributed Quizzes in Geography
1
Countries of the World - No Outlines Minefield
2
Top 25 Cities of France on a map
3
Closest Countries to UK A-Z
4
African Flag Reveal XLV
5
Blind Ultimate Minefield: USA
6
One Thing in Common: United Kingdom
7
Blind Secret Country CLXXXVIII
8
One Thing in Common: Asia
9
Find the US States - No Outlines
10
One Thing in Common: Geography
Explore More
Trending Topics
Anime
Marvel
Crossword
Harry Potter
Kpop
Disney
NBA
Soccer
Puzzle
Song
The Office
Pokémon
Country
WWE
NFL
hide this ad
More By:
caulkinggun
Quiz
Plays
Rating
Category
Featured
Created
Birdseye GoogleEarth Views - European Cities
2,488
4.50
Geography
Jul 3, 2018
Map Excerpts - World Bodies of Water
2,026
4.11
Geography
Apr 19, 2018
Map Excerpts - U.S. Bodies of Water
1,654
4.52
Geography
Mar 14, 2018
2017-18 PGA Tour Events
1,474
4.80
Sports
Jan 25, 2018
Birdseye GoogleEarth Views - U.S. Cities
828
4.42
Geography
Mar 16, 2018
Go to Creator's Profile
Score Distribution
Quiz Creator Spotlight
caulkinggun
Follow
Send a Message
Quizzes Created
-
Created Quiz Play Count
-
More By This Creator
Popular Quizzes Today
1
Find the US States - No Outlines Minefield
2
Find the Countries of Europe - No Outlines Minefield
3
The Countries of the World
4
Popular People in 1961
5
1-10 Letter E Words III
6
US States
7
Find the US States
8
One Thing in Common: World Cities II
More Geography Quizzes
United States Time Zone Map
Published
Trending Quizzes
Risky Map Clicking: Least Populous States A-Z
1-10 Letter F Words
1-10 Letter G Words
One Thing in Common: United Kingdom
Risky Map Clicking: Next State Alphabetically
Recently Updated
Leaping Animals
pecheneg
Reality TV Shows (A-Z)
bhenderson79
Rickey Henderson's Hall of Fame Teammates
pecheneg
Champions League XIs: Arsenal
pecheneg
Quick Pick: Celebrities in WWE's Hall of Fame
aduchscher
A-Z Keypad Blitz II
pecheneg
Multiple Oscar Actors
pecheneg
Mystery Phrase Blitz: Oscar 'Best Actors'
pecheneg
F. Scott Fitzgerald Novels
LTH
Pick 3 Villains
ddd62291
Trending Topics
Disney
Crossword
Anime
Marvel
Harry Potter
Kpop
NBA
Pokémon
WWE
Puzzle
The Office
Song
Country
Soccer
NFL
Your Account Isn't Verified!
In order to create a playlist on Sporcle, you need to verify the email address you used during registration. Go to your
Sporcle Settings
to finish the process.
Report this User
Report this user for behavior that violates our
Community Guidelines
.
Details:
Send Report
Go to the Sporcle.com Mobile Site →
Comments